[Event "Corus A"]
[Site "Wijk aan Zee NED"]
[Date "2005.01.22"]
[Round "7"]
[White "Bruzon Bautista, Lazaro"]
[Black "Anand, Viswanathan"]
[Result "0-1"]
[WhiteElo "2652"]
[BlackElo "2786"]
[Annotator "Ubilava, E"]
[PlyCount "88"]
[EventDate "2005.01.15"]
[Source "EDAMI"]
[SourceDate "2006.12.20"]

{Los aficionados siempre están encantados al analizar las partidas de Anand,
porque esperan por su parte combinaciones espectaculares, pero el gran maestro
indio no sólo destaca por su vision combinativa, sino que tiene otras virtudes
muy importantes y puede resolver la partida "aburriendo" a sus rivales con
decisiones posicionales. La comprensión posicional es fundamental para
entender el concepto del juego de Vishy y le sirve como una brújula para guiar
sus encuentros con diferentes rivales. En la presente partida, las negras
superan a su rival en el terreno posicional, donde por supuesto el cálculo
también está siempre presente y sirve para justificar las decisiones
posicionales.} 1. Nf3 Nf6 2. c4 e6 3. g3 d5 4. Bg2 dxc4 5. Qa4+ c6 6. Qxc4 b5
7. Qc2 Bb7 8. d4 Nbd7 9. a4 c5 $5 {Un buen recurso para contraatacar en el
centro, que según la teoría iguala la posición.} 10. O-O ({
las blancas no tienen ventaja despues de} 10. axb5 cxd4 11. O-O Bc5 12. Bg5 Rc8
13. Nbd2 O-O 14. Qd3 h6 15. Bxf6 Qxf6 16. Ng5 Qxg5 17. Bxb7 Rc7 {
Timman-Lautier. Sigeman & Co 1999. y si} 18. Nf3 Ne5 19. Nxe5 Qxe5 20. Bc6 {
con igualdad.}) 10... b4 11. Bg5 Rc8 12. Nbd2 Be7 13. Rfc1 O-O 14. Qd3 h6 15.
Bxf6 Bxf6 16. e3 Rc7 17. Qe2 Qc8 18. Qb5 {Esa incursión de la dama no tiene
importancia, porque en la jugada siguiente debe retroceder a su campo.} ({
Otra posibilidad es} 18. Nb3 Rd8 19. Nfd2 Bxg2 20. Kxg2 cxd4 21. exd4 Nb6 {
que tampoco supone ningún problema para las negras.}) 18... a6 ({En caso de} 
18... Ba6 {el gran maestro cubano tenía pensado seguir con} 19. Qa5 {y si} Bd8
20. dxc5 Rxc5 21. Rxc5 Bxa5 22. Rxc8 Rxc8 23. Nd4 {
las blancas pueden estar contentas.}) ({Las negras podian elegir} 18... Qa8 19.
Rc2 Rfc8 20. Rac1 a6 21. Qf1 {
que es parecido a lo que luego sucede en la partida.}) 19. Qf1 a5 20. b3 ({
Creo que a Bruzón no le gustó la variante} 20. Nb3 Bd5 21. Nfd2 c4 22. Nxa5 c3
23. bxc3 bxc3 24. Ndb3 Qa8 25. Rc2 Be7 {con la amenaza 26..Bb4}) 20... Rd8 21.
Qb5 Bc6 {diagrama.} ({Las negras tienen otra opción:} 21... cxd4 {
pero quizás Anand no estaba seguro de la variante} 22. Rxc7 Qxc7 23. Nxd4 {
no vale} (23. exd4 {por} Nb8 $1 24. Nc4 Nc6 25. Nfe5 Nxd4 26. Qxb7 Bxe5) 23...
Bxd4 24. exd4 Bxg2 25. Kxg2 Nf6 26. Nf3 Rc8 27. Re1 {
y realmente es muy difícil progresar en esta posición.}) 22. Qe2 $2 ({
No sé exactamente que le asustó a Bruzón, pero según demuestran los análisis
debía tomar el peón:} 22. Qxa5 $1 {Aunque parece una jugada arriesgada, los
intentos de cazar la dama blanca no tienen éxito:} Qb7 23. Ne1 {
ahora las negras tienen dos opciones:} Bxg2 (23... cxd4 24. Ne4 dxe3 ({
no funciona} 24... Ra8 25. Nxf6+ Nxf6 26. Qc5 Rac8 27. Qxd4 {
con ventaja material}) 25. Rxc6 $1 {este típico golpe descoloca totalmente las
piezas del oponente, sin embargo no vale} (25. Nxf6+ Nxf6 26. Bxc6 exf2+ 27.
Kxf2 Rd2+ $1 28. Ke3 Rxc6 29. Kxd2 Rd6+ 30. Kc2 Rd5 {y las negras deben ganar})
25... exf2+ 26. Kxf2 Bd4+ 27. Kf1 Qxc6 {no hay otra} 28. Nf6+ Nxf6 29. Bxc6
Rdc8 30. Rd1 {con decisiva ventaja material. La opcion correcta es}) 24. Nxg2
Ra8 25. Qb5 Qxb5 ({también es posible} 25... cxd4 26. Qxb7 Rxb7 27. Ra2) 26.
axb5 Rxa1 27. Rxa1 cxd4 28. Ne4 d3 ({en caso de} 28... Rb7 29. exd4 Bxd4 30.
Ra8+ Kh7 31. Nd6 Rb6 32. Nxf7 Nc5 {hay posibilidades para ambos bandos}) 29.
Rd1 Be7 30. f4 f5 31. Nf2 Nc5 32. Nxd3 Nxb3 {yo preferiría las negras, pero
probablemente las blancas pueden igualar la partida.}) 22... Qb7 $6 ({
No encuentro un motivo por el que Vishy no siguió la línea} 22... cxd4 23. Nxd4
({pierde} 23. exd4 $4 {por} Bxf3) 23... Bxg2 24. Rxc7 Qxc7 25. Kxg2 Bxd4 26.
exd4 Qc3 {ganando el peón central.}) 23. Nc4 Qa8 24. Ra2 cxd4 25. exd4 Bd5 26.
Rac2 Rdc8 27. Qd1 Qa6 28. Nfe5 (28. Bf1 {
no evita la caída del peón d4 después de} Qa7) 28... Bxe5 29. Bxd5 {diagrama.}
({La decisión} 29. dxe5 {sería injustificable posicionalmente por la variante}
Bxc4 30. Qd6 Qxd6 31. exd6 Rc5 32. Rxc4 Rxc4 33. bxc4 Nc5 {
y la posición de las blancas es más bien desesperada.}) 29... Bxg3 $1 {
Vishy ha conseguido ganar un peón, pero aún le espera una tarea difícil para
realizar su ventaja, básicamente por la fragmentación estructural de la
posición.} 30. hxg3 exd5 31. Ne3 Rxc2 32. Rxc2 Nf6 33. Rc5 $1 {Esta jugada
dificulta al máximo la realización de la ventaja material, porque obliga a las
negras a cambiar las torres, lo que otorga al jugador cubano un peón pasado en
c5 y una excelente casilla en d4.} Rxc5 34. dxc5 Qc6 35. Qd4 g6 {
Preparando la jugada} (35... Nd7) 36. Qe5 Nd7 37. Qd6 $6 ({
Creo que era mejor seguir con} 37. Qe8+ Kg7 38. Ng4 Qe6 ({
a las negras no les favorece} 38... d4 39. Ne5 Nxe5 40. Qxe5+ Qf6 41. Qd5) 39.
Qxe6 fxe6 {
y este final de caballos es extremadamente difícil de ganar, por ejemplo:} 40.
c6 Nb6 41. f4 g5 42. fxg5 hxg5 43. Kf2 Kf7 (43... Kg6 44. Ke3 Kf5 45. Nh6+ Ke5
46. Nf7+) 44. Ke3 Ke7 45. Kd4 Kd6 46. Ne5 g4 47. Nxg4 Kxc6 48. Ne5+ Kd6 49. g4
Nd7 50. Nf7+ {y la resistencia sigue y sigue...}) 37... Qxd6 38. cxd6 Kf8 $1 ({
Aún no era tarde para cometer un grave error} 38... Nb6 $4 39. Nxd5 {
y ganan blancas.}) 39. Nxd5 Nc5 {Las negras consiguen lo que quieren, ganan el
peón en b3 y pueden crear otro peón pasado en la columna "h" mientras el peón
d6 está inmovilizado.} 40. Kf1 Ke8 41. Nb6 Nxb3 42. Ke2 Nc5 43. f3 h5 44. Ke3
b3 0-1

[Event "Corus A"]
[Site "Wijk aan Zee NED"]
[Date "2005.01.25"]
[Round "9"]
[White "Sokolov, Ivan"]
[Black "Morozevich, Alexander"]
[Result "0-1"]
[WhiteElo "2685"]
[BlackElo "2741"]
[Annotator "Ubilava, E"]
[PlyCount "68"]
[EventDate "2005.01.15"]
[Source "EDAMI"]
[SourceDate "2006.12.20"]

{Esta es una de las pocas partidas de "Moro", jugadas en Wijk aan Zee, donde
su planteameniento habitual del medio juego tiene éxito. A mi juicio, su
fascinación por la creatividad en el medio juego es tan grande, que para
mantener la ilusión de encontrar nuevas posiciones, se aventura a explorar lo
desconocido y en ocasiones fracasa, porque a nivel práctico, el precio de
mantener este concepto en los supertorneos se convierte en su mayor debilidad.
Sus rivales saben perfectanmente que a "Moro" no hace falta provocarle,
simplemente hay que construir  posiciones super sólidas y esperar a que él
rompa sus lanzas contra los "castillos impenetrables". Quizás en ese sentido
le podamos comparar con "El ingenioso hidalgo Don Quijote de la Mancha" del
ajedrez. Pero cuando su concepto funciona, provoca una gran satisfacción y el
agradecimiento de los espectadores.} 1. d4 d5 2. c4 e5 {Parece que "hoy" no
nos vamos a aburir. La visión del ajedrez de Alexander le obliga a empezar la
búsqueda de nuevos desafios ya desde el mismo comienzo, sobre todo cuando
juega con las piezas negras.} 3. dxe5 d4 4. Nf3 Nc6 5. Nbd2 (5. Bf4 {
es la jugada más empleada en esta posición.}) 5... Nge7 6. Nb3 Nf5 7. a3 ({
El avance} 7. g4 $2 {sólo facilitaría la tarea de las negras después de} Nh4 8.
Nxh4 Qxh4) 7... Be7 8. g3 a5 9. Qd3 a4 10. Nbd2 h5 11. Bh3 g6 12. Ne4 h4 13.
Bf4 {A nivel práctico, es normal que I.Sokolov no realice la jugada} (13. g4 {
contra la que las negras tienen dos continuaciones. La jugada correcta es} Ng7
{por ejemplo:} (13... Nh6 $6 14. Rg1 $1 {y si} ({
las blancas no consiguen nada con} 14. Bxh6 Rxh6 15. g5 Rh8 16. Bxc8 Qxc8)
14... Be6 {ahora funciona} 15. Bxh6 Rxh6 16. g5 Rh8 17. Bxe6 fxe6 18. O-O-O {
con gran ventaja para las blancas.}) 14. Bd2 Ne6 15. O-O Na5 16. Rad1 Nb3 {
con posibilidades para ambos bandos.}) 13... hxg3 14. hxg3 Ng7 $5 ({
Es muy dudosa la variante} 14... Nxg3 $6 15. Bd7+ $1 Kxd7 16. Rxh8 Qxh8 17.
Nxg3) 15. Bg2 Rxh1+ 16. Bxh1 Bf5 {Las negras han conseguido desarrollar
satisfactoriamente todas sus piezas y aunque les falta un peón, podemos
apreciar que tienen buenas perspectivas de presionar a su contrincante: un
caballo puede colocarse en e6, el otro puede llegara a b3, el peón d4 divide
en dos partes la posición de las blancas y el otro peon en a4 bloquea bien los
dos peones blancos en el flanco de dama.} 17. Nfg5 Na5 $1 18. Qf3 ({En caso de
} 18. Nh7 Bxe4 ({también es posible} 18... Nb3 19. Rd1 Nh5 20. Qf3 c6) 19. Bxe4
Ne6 20. Rd1 Nc5 21. Qf3 Qd7 22. Be3 Nxe4 23. Qxe4 c5 24. Nf6+ Bxf6 25. exf6+
Qe6 {las negras consiguen ventaja.}) 18... Ne6 19. Nh7 Bxe4 20. Qxe4 c6 {
Moro empieza a dominar la posición, porque los alfiles blancos están limitados,
mientras los caballos negros encuentran casillas muy cómodas para reducir aún
más la actividad de las piezas blancas.  diagrama.} 21. e3 $6 {I.Sokolov hace
un sobreesfuerzo para reabrir la posición y activar sus piezas. En caso de} (
21. Rc1 Nc5 22. Qf3 Qb6 23. Rc2 Qb3 24. Qxb3 axb3 25. Rc1 Na4 {
las negras toman ventaja.}) 21... Nb3 {
A las negras no les seduce la posibilidad de ganar una pieza después de} (21...
g5 22. exd4 gxf4 23. d5 Nc5 24. Qe2 Nab3 25. Rd1 cxd5 26. cxd5 {
con compensación para las blancas.}) 22. Rd1 Qa5+ 23. Ke2 Nec5 24. Qg2 Qa6 $1 {
Esta jugada es aún más fuerte que} (24... d3+ 25. Kf1 Nd2+ 26. Kg1 Nxc4) 25.
Kf1 Qxc4+ {La dama negra entra en juego con un efecto decisivo. Las piezas del
gran maestro holandés quedan completamente desorientadas.} 26. Kg1 Qc2 27. Qf3
d3 28. Bg5 Ne4 29. Bxe7 {diagrama.} Nxf2 $1 {
Con este sencillo golpe las negras rematan la partida.} 30. Qxf2 (30. Rf1 Nh3#
$1) 30... Qxd1+ 31. Kg2 Qc2 32. Bd6 O-O-O ({También gana} 32... d2 33. Nf6+ Kd8
) 33. Kg1 Qxf2+ 34. Kxf2 Rh8 0-1

[Event "Corus B"]
[Site "Wijk aan Zee NED"]
[Date "2005.01.29"]
[Round "12"]
[White "Nikolic, Predrag"]
[Black "Mamedyarov, Shakhriyar"]
[Result "0-1"]
[WhiteElo "2676"]
[BlackElo "2657"]
[Annotator "Ubilava, E"]
[PlyCount "68"]
[EventDate "2005.01.15"]
[Source "EDAMI"]
[SourceDate "2006.12.20"]

{Shakhriyar Mamedyarov es un jugador con mucho, mucho futuro. Me fijé en él en
el Campeonato de España por equipos el año pasado, en Ciudad Real, cuando se
acercó a la sala de análisis para analizar mi partida con Ibarra. Variantes y
variantes que ofrecía el joven gran maestro azerí, con golpes tacticos
espectaculares y decisiones posicionales muy maduras, me han hecho pensar que
se trata de un jugador extraordinario. Después, mirando sus partidas, también
descubrí que tiene ideas muy valiosas en diferentes aperturas y es un
auténtico explorador de la teoria de nuestro juego. Además, tiene mucha
ambición y confianza en si mismo, lo que no está mal, aunque quizás esto
último, Shakriyar lo posee en exceso, y eso indica que aún necesita tiempo y
experiencia para encontrar el lugar que le corresponde en la jerarquia
ajedrecística. Precisamente el exceso de confianza le traiciona en algunas
partidas y le empuja a pasar los límites de lo permitido, pero creo que si
sigue trabajando duro en la misma dirección que hasta ahora, puede llegar muy
lejos. La presente partida contra Nikolic muestra bien su valentía y capacidad
para resolver problemas muy complejos con suficiente soltura y brillantez.} 1.
d4 Nf6 2. Nf3 g6 3. g3 Bg7 4. Bg2 O-O 5. O-O d5 6. Nbd2 {
Las blancas quieren evitar las variantes de la Defensa Grunfeld después de} (6.
c4 dxc4 7. Na3 c3) 6... b6 7. c4 e6 8. cxd5 exd5 9. Nb3 {El caballo en b3
tiene una pinta extraña, pero parece que el jugador bosnio quiso frenar el
avance del peón "c", abriendo al mismo tiempo el camino a su alfil negro.} Re8
10. Bf4 Ba6 11. Re1 Nh5 {
Esta jugada es necesaria para evitar la presión sobre el peón c7 después de Rc1
} 12. Bg5 Qd6 13. Rc1 h6 14. Be3 Nd7 15. Rc2 {diagrama.} Rxe3 $5 {Las negras
podían retrasar este sacrificio porque se amenazaba 16.Qc1 con doble ataque a
los peones en h6 y c7. El sacrificio de calidad es posicional, no está
preparado al 100% y por eso también es interesante ver los recursos y
argumentos de Mamedyarov para hacer funcionar su idea.} 16. fxe3 Re8 17. Qc1 c5
$5 {Por supuesto esta ruptura es fundamental para reactivar la posición.} 18.
dxc5 bxc5 19. Rd1 $6 {Creo que las blancas empiezan a dar signos de debilidad.
Había que aceptar la posición que surge en la variante} (19. Nxc5 Nxc5 20. Rxc5
Bxb2 21. Qc2 Bg7 22. Rc6 Qa3 23. Qc5 $1 {esto otorga ventaja a las blancas} (
23. Qb3 Qa5 {está bien para las negras}) 23... Qxc5 ({en caso de} 23... Qxa2
24. Qxa7 Bc4 25. Qxa2 Bxa2 {
la cuestión es si la ventaja es suficiente para ganar la partida.}) 24. Rxc5
Bc4 {las negras mantienen opciones de empatar la partida.}) 19... c4 $1 20.
Nbd4 Nhf6 {La posición ha cambiado drásticamente y ahora la posición de las
negras promete mucho más, gracias a la debilidad del peón e3.} 21. Nd2 h5 22.
Nf1 Bh6 23. Rc3 (23. b3 {no cambia mucho por} h4 24. bxc4 hxg3 25. hxg3 (25. c5
gxh2+ 26. Kh1 (26. Nxh2 Nxc5) 26... Nxc5 27. Rxc5 Ng4 {las negras ganan.})
25... Ng4 26. Rc3 Bxc4 {y el jugador azerí mantiene gran presión.}) 23... h4
24. gxh4 Ne4 25. Ra3 Ndf6 {Mamedyarov empieza a concentrar todas sus piezas en
el flanco del rey para el ataque final, mientras las piezas pesadas de Nikolic
quedan "fuera de juego".} 26. Nf3 c3 27. Qc2 ({No vale} 27. bxc3 Bxe2 28. Re1
Bxf1 29. Bxf1 Ng4 {con amenazas poderosas.}) 27... cxb2 28. Rb3 Ng4 29. h3 ({
No es ningún consuelo la línea} 29. Qxb2 Bc4 30. Ra3 Bxe2 31. Re1 Bxf1 32. Bxf1
Nxh2 $1 33. Nxh2 Bg7 {
y si las blancas intentan defender las dos torres la partida termina en mate}
34. Qc1 Qg3+ 35. Bg2 Qf2+ 36. Kh1 Ng3#) 29... Ngf2 30. Rd4 Bc8 {Las negras han
terminado la concentración de sus piezas para el golpe definitivo y las
blancas están indefensas contra las múltiples amenazas de su adversario.} 31.
Qxb2 Nxh3+ 32. Bxh3 Bxh3 33. Ng5 Bxg5 34. hxg5 Qe5 0-1